000 00461cam a22001457a 4500
008 180718b1999 xxu||||| |||| 00| 0 eng d
082 _aB3 Ar57
100 _aArmstrong, Jim
245 _aFrom controlling to collaborating: when governments want to be partners
_cby Jim Armstrong and Donald G. Lenihan
260 _aCanada
_bIPAC
_c1999
300 _a59p.
650 _aPoor families --Services for.
650 _aFamily services
700 _aLenihan, Donald G.
999 _c492024
_d492024